LEADER 00999cam0 22002771 450 001 SOBE00059333 005 20180606120601.0 010 $a3506765310 100 $a20180606d1984 |||||ita|0103 ba 101 $ager 102 $aDE 200 1 $aLeviathan und Behemoth$eeine biblische Erinnerung wider die Kolonisierung der Lebenswelt durch das Prinzip der Zweckrationalität$fJürgen Ebach 210 $aPaderborn [etc.]$cSchöningh$d1984 215 $a91 p.$d22 cm 225 2 $aPhilosophischen Positionen$v2 410 1$1001SOBE00059334$12001 $a*Philosophischen Positionen$v2 700 1$aEbach$b, Jürgen$3SOBA00016729$4070$0539311 801 0$aIT$bUNISOB$c20180606$gRICA 850 $aUNISOB 852 $aUNISOB$j200$m86895 912 $aSOBE00059333 940 $aM 102 Monografia moderna SBN 941 $aM 957 $a200$b001967$gSI$d86895$racquisto$tN$1menle$2UNISOB$3UNISOB$420180606120534.0$520180606120601.0$6menle 996 $aLeviathan und Behemoth$91729491 997 $aUNISOB LEADER 01943nam 2200409Ia 450 001 996394328203316 005 20200824121841.0 035 $a(CKB)4940000000114535 035 $a(EEBO)2248568933 035 $a(UnM)99895315e 035 $a(UnM)99895315 035 $a(EXLCZ)994940000000114535 100 $a19980901d1659 uy | 101 0 $aeng 135 $aurbn||||a|bb| 200 14$aThe school of patience in three parts$b[electronic resource] $e1. Shewing the severall kinds of crosses, punishments, and afflictions. 2. The benefit we have by them, as coming from God, in that they teach us: fortitude, fidelity, compassion; abstinence, prayer, mortification, prudence; humility with meeknesse. 3. That all afflictions are to be endured patiently, cheerfully, constantly, and thankfully, with premeditation and conformity to the divine will. Written by Hieren. Drexelius 210 $aLondon $cprinted by R. D. and sold by I. Sweeting at the Angel in Popes-head-Alley$d1659 215 $a[14], 197, [1], 169, [1], 163, [1] p. 300 $aTranslator's dedication signed: D.L. 300 $aA translation of: Gymnasium patientiae. 300 $aWith an engraved title page signed "W. Marshall scul:". 300 $aIn three parts, each with separate pagination; register is continuous. 300 $aSignatures: pi1, A? B-Z¹² Aa² . 300 $aReproduction of original in the University of Illinois (Urbana-Champaign Campus). Library. 330 $aeebo-0167 606 $aPatience$xReligious aspects$vEarly works to 1800 615 0$aPatience$xReligious aspects 700 $aDrexel$b Jeremias$f1581-1638.$0718089 701 $aD. L$ffl. 1640.$01014456 702 $aMarshall$b William$ffl. 1617-1650, 801 0$bCu-RivES 801 1$bCu-RivES 801 2$bWaOLN 906 $aBOOK 912 $a996394328203316 996 $aThe school of patience in three parts$92363928 997 $aUNISA